| Tag |
First Indicator |
Second Indicator |
Subfields |
| LEADER |
00000cam a2200000 i 4500 |
| 001 |
in00004720521 |
| 003 |
OCoLC |
| 005 |
20230531133410.8 |
| 008 |
221110t20232023ohuab b 001 0 eng |
| 010 |
|
|
|a 2022047683
|
| 040 |
|
|
|a DLC
|e rda
|c DLC
|
| 020 |
|
|
|a 9781947602878
|q hardcover
|
| 020 |
|
|
|a 194760287X
|q hardcover
|
| 020 |
|
|
|z 9781947602892
|q electronic book
|
| 020 |
|
|
|z 9781947602885
|q electronic book
|
| 035 |
|
|
|a (OCoLC)1352870894
|
| 043 |
|
|
|a n-us---
|
| 050 |
0 |
0 |
|a HT1521
|b .R23532 2023
|
| 082 |
0 |
0 |
|a 305.8
|2 23/eng/20221201
|
| 245 |
0 |
0 |
|a Race, ethnicity, and the COVID-19 pandemic /
|c edited by Melvin E. Thomas, Loren M. Henderson, Hayward Derrick Horton.
|
| 264 |
|
1 |
|a Cincinnati :
|b University of Cincinnati Press,
|c [2023].
|
| 264 |
|
4 |
|c ©2023.
|
| 300 |
|
|
|a xii, 371 pages :
|b illustrations (some color), color maps ;
|c 25 cm.
|
| 336 |
|
|
|a text
|b txt
|2 rdacontent
|
| 337 |
|
|
|a unmediated
|b n
|2 rdamedia
|
| 338 |
|
|
|a volume
|b nc
|2 rdacarrier
|
| 504 |
|
|
|a Includes bibliographical references and index.
|
| 520 |
|
|
|a To understand racial disparities in COVID-19 infections and deaths, we must first understand how they are linked to racial inequality. In the United States, the material advantages afforded by whiteness lead to lower rates of infections and deaths from COVID-19 when compared to the rates among Black, Latino and Native American populations. Most experts point to differences in population density, underlying health conditions and proportions of essential workers as the primary determinants in the levels of COVID-19 deaths. The national response to the pandemic has laid bare the fundamentals of a racialized social structure. Assembled by a prestigious group of sociologists, this volume examines how particularly during the first year of COVID-19, the socioeconomic impact of the pandemic led to different and poorer outcomes for Black, Latino and Native American populations. While color-blindness shaped national discussions on essential workers, charity and differential mortality, minorities were overwhelmingly affected. The essays in this collection provide a mix of critical examination of the progress and direction of our COVID-19 response, personal accounts of the stark difference in care and outcomes for minorities throughout the United States, and offer recommendations to create a foundation for future response and research during the critical early days.
|
| 650 |
|
0 |
|a Race.
|
| 650 |
|
0 |
|a Minorities
|z United States
|x Social conditions.
|
| 650 |
|
0 |
|a Ethnic groups
|z United States.
|
| 650 |
|
0 |
|a COVID-19 Pandemic, 2020-
|x Social aspects.
|
| 700 |
1 |
|
|a Thomas, Melvin
|c (Sociologist),
|e editor.
|
| 700 |
1 |
|
|a Henderson, Loren M.,
|e editor.
|
| 700 |
1 |
|
|a Horton, Hayward Derrick,
|e editor.
|
| 945 |
|
|
|b 703455
|
| 947 |
|
|
|a A14851393653
|
| 948 |
|
|
|a dmitchel 5/31/23 8.30.20
|
| 980 |
|
|
|b print
|c 40031702025
|f NONFIC/B
|g 565714
|k USD
|m 30.74
|q 1
|s AcqMono Conventional
|t Approval plan
|u Vendor order reference number
|v ZYBP
|y Print approval
|z Physical resource
|
| 999 |
f |
f |
|i 7bc0c1ae-b42e-4536-a014-22e77754ebff
|s b3ee4a96-6787-42fb-a9c6-3b1d8860b12e
|t 0
|
| 952 |
f |
f |
|p normal
|a Texas A&M University
|b College Station
|c Sterling C. Evans Library
|d Evans: Library Stacks
|t 0
|e HT1521 .R23532 2023
|h Library of Congress classification
|i unmediated -- volume
|m A14851393653
|
| 998 |
f |
f |
|a HT1521 .R23532 2023
|t 0
|l Evans: Library Stacks
|